000 00585nam a2200181Ia 4500
003 GCL
008 140319s9999 xx 000 0 ara d
040 _aGCL /
_cGCL
082 0 4 _a229
_bخ ك
100 1 _aخالد محمد خالد
245 1 0 _aكما تحدث القرآن (هدية من الاديب عبدالفتاح الجمل) /
_cخالد محمد خالد
300 _a171 ص
490 _aالهيئة العامة للاستعلامات
_v0
650 0 4 _aالقران - اعجاز
650 0 4 _aالقران - فضائل
650 0 4 _aالقران
942 _2ddc
_cBK
999 _c47180
_d47180